000 00473nam a2200181Ia 4500
008 131103s9999 xx 000 0 und d
020 _a553113720
040 _aLoreto College
041 _aEnglish
082 _aF/CAR
_bLCBED/8706
100 _aCartland, Barbara
245 _aLove and the loathsome leopard
_cBarbara Cartland
260 _aU.S.
_bBantam Books
_c1977
300 _a149p.
_c 18cm.
650 _aEnglish Fiction
850 _aLCBED/F/CAR
942 _cBK
999 _c32879
_d83358